000 00862nam a22002537a 4500
001 BR7500404
003 BR-BrBNA
005 20230928084721.0
007 ta
008 230509b bl.||||| |||| 00| 0 por d
040 _aBR-BrBNA
_bpor
_cBiblioteca Nacional de Agricultura
041 _a(Por)
072 _aD10
_b/G514
090 _ D10 BR7500404
110 1 _aMinisterio da Agricultura, Brasilia, DF (Brasil). Secretaria Geral
245 1 _aProjeto Diagnostico do MA como sistema geral [Ministerio da Agricultura, Brasil]
_bV. 4 Anexos: Consideracoes em torno do desenvolvimento do Projeto Diagnostico do MA como sistema geral
260 3 _aBrasilia, DF (Brasil):
_c[nd].
300 _avp.
500 _aPublished 1975?
650 _aADMINISTRACAO DE PESSOAL
650 _aINSTITUICAO AGRICOLA
909 _a202309
_bLucia
_c55
_dLucia Elande
942 _cBK
999 _c20674
_d20674